Name ALL of the Mario Video Games - Statistics

General Stats
  • This quiz has been taken 117 times
    42 since last reset
  • The average score is 33 of 107
Answer Stats
Year Original Console Game % Correct
1985 NES (Nintendo Entertainment System) Super Mario Bros.
92%
1981 Atari 2600 Donkey Kong
81%
1983 NES (Nintendo Entertainment System) Mario Bros.
76%
1988 NES (Nintendo Entertainment System) Super Mario Bros. 2
73%
1990 NES (Nintendo Entertainment System) Super Mario Bros. 3
70%
2014 Nintedno Wii U Mario Kart 8
68%
1992 Super Nintendo Super Mario Kart
68%
1996 Nintendo 64 Super Mario 64
65%
2007 Nintendo Wii Super Mario Galaxy
65%
2002 Nintendo GameCube Super Mario Sunshine
65%
1991 NES (Nintendo Entertainment System) Yoshi
65%
1996 Nintendo 64 Mario Kart 64
62%
2006 Nintendo DS New Super Mario Bros.
62%
1991 Super Nintendo Super Mario World
59%
2011 Nintendo 3DS Mario Kart 7
57%
1998 Nintendo 64 Mario Party
57%
2001 Nintendo 64 Paper Mario
54%
2013 Nintendo Wii U Super Mario 3D World
54%
2010 Nintendo Wii Super Mario Galaxy 2
54%
2017 Nintendo Switch Super Mario Odyssey
54%
2008 Nintendo Wii Mario Kart Wii
51%
1999 Nintendo 64 Mario Party 2
51%
2000 Nintendo 64 Mario Party 3
51%
2003 Nintendo GameCube Mario Kart: Double Dash!!
49%
2005 Nintendo DS Mario Kart DS
49%
2003 Nintendo GameCube Mario Party 5
49%
2004 Nintendo GameCube Mario Party 6
49%
2005 Nintendo GameCube Mario Party 7
49%
2007 Nintendo Wii Mario Party 8
49%
2012 Nintendo Wii Mario Party 9
49%
2012 Nintendo Wii U New Super Mario Bros. U
49%
1989 Nintendo Game Boy Super Mario Land
49%
2015 Nintendo Wii U Mario Party 10
46%
2012 Nintendo 3DS New Super Mario Bros. 2
46%
2011 Nintendo 3DS Super Mario 3D Land
46%
1992 Nintendo Game Boy Super Mario Land 2 6 Golden Coins
46%
1982 NES (Nintendo Entertainment System) Donkey Kong Jr.
43%
2002 Nintendo GameCube Mario Party 4
43%
2000 Nintendo 64 Mario Tennis
43%
2009 Nintendo Wii New Super Mario Bros. Wii
43%
2001 Nintendo GameCube Luigi's Mansion
41%
1983 NES (Nintendo Entertainment System) Donkey Kong 3
38%
1999 Nintendo 64 Mario Golf
38%
2018 Nintendo Switch Super Mario Party
38%
1989 NES (Nintendo Entertainment System) Donkey Kong 3
35%
2023 Nintendo Switch Super Mario Bros. Wonder
32%
1996 NES (Nintendo Entertainment System) Super Mario RPG
32%
2013 Nintendo 3DS Luigi's Mansion: Dark Moon
30%
2007 Nintendo GameCube Paper Mario The Thousand-Year Door
30%
2015 Nintendo Wii U Super Mario Maker
30%
1995 Super Nintendo Super Mario World 2: Yoshi's Island
30%
1994 Super Nintendo Donkey Kong Country
27%
2019 Nintendo Switch Luigi's Mansion 3
27%
2001 Game Boy Advance Mario Kart: Super Circuit
27%
2007 Nintendo Wii Super Paper Mario
27%
1990 NES (Nintendo Entertainment System) Dr. Mario
24%
2021 Nintendo Switch Mario Party Superstars
24%
2016 Nintendo Wii U Paper Mario Color Splash
24%
2021 Nintendo Switch Super Mario 3D World Bowser's Fury
24%
2019 Nintendo Switch Super Mario Maker 2
24%
1985 NES (Nintendo Entertainment System) Wrecking Crew
24%
2000 Nintendo Game Boy Wario Land 3
22%
1994 Nintendo Game Boy Wario Land Super Mario Land 3
22%
2015 Nintendo Wii U Yoshi's Wooly World
22%
2013 Nintendo 3DS Mario & Luigi: Dream Team
19%
1998 Nintendo Game Boy Wario Land 2
19%
2003 Nintendo GameCube Wario World
19%
1999 Nintendo 64 Donkey Kong 64
16%
2010 Nintendo Wii Donkey Kong Country Returns
16%
2005 Nintendo DS Mario & Luigi: Partners in Time
16%
2003 Game Boy Advance Mario & Luigi Superstar Saga
16%
2004 Game Boy Advance Mario Vs. Donkey Kong
16%
2024 Nintendo Switch Princess Peach Showtime
16%
2020 Nintendo Switch The Origami King
16%
2014 Nintendo Wii U Donkey Kong Country:Tropical Freeze
14%
2015 Nintendo 3DS Mario & Luigi: Paper Jam
14%
2019 Nintendo Switch New Super Mario Bros. U Deluxe
14%
2019 Nintendo Switch Yoshi's Crafted World
14%
1997 Nintendo 64 Yoshi's Story
14%
2003 Nintendo GameCube Donkey Konga
11%
1995 Super Nintendo Donkey Kong Country 2:Diddy's Kong Quest
11%
2001 Nintendo 64 Dr. Mario 64
11%
2008 Nintendo Wii Wario Land: Shake It!
11%
2003 Game Boy Advance Wario Ware Inc Mega Microgame$
11%
2006 Nintendo Wii WarioWare Smooth Moves
11%
2004 Nintendo GameCube Donkey Kong Jungle Beat
8%
2017 Nintendo Switch Mario + Rabbids Kingdom Battle
8%
2006 NES (Nintendo Entertainment System) Wario Woods
8%
1997 Nintendo 64 Diddy Kong Racing
5%
2004 Nintendo GameCube Donkey Konga 2
5%
2005 Nintendo GameCube Donkey Konga 3
5%
2007 Nintendo GameCube Donkey Kong Barrel Blast
5%
1996 Super Nintendo Donkey Kong Country 3:Dixie Kong's Double Trouble
5%
1983 NES (Nintendo Entertainment System) Donkey Kong Jr. Math
5%
2007 Nintendo DS Donkey Kong: Jungle Climber
5%
1995 Nintendo Game Boy Donkey Kong Land
5%
2017 Nintendo 3DS Mario & Luigi: Superstar Saga +Bowser's Minions
5%
2022 Nintendo Switch Mario + Rabbids Sparks of Hope
5%
2014 Nintendo 3DS Yoshi's New Island
5%
1984 Game & Watch Donkey Kong Circus
3%
1984 Game & Watch Donkey Kong Hockey
3%
1996 Nintendo Game Boy Donkey Kong Land 2
3%
1997 Nintendo Game Boy Donkey Kong Land 3
3%
1995 Virtual Boy Virtual Boy Wario Land
3%
2006 Nintendo DS Yoshi's Island DS
3%
2005 Game Boy Advance Donkey Kong: King of Swing
0%
2007 Nintendo DS Wario: Master of Disguise
0%
No matching quizzes found
Score Distribution
Percent of People with Each Score
Percentile by Number Answered
Your Score History
You have not taken this quiz since the last reset